|
|
|
|
| LEADER |
01557nam a22003854a 4500 |
| 001 |
41435 |
| 003 |
BD-DhAAL |
| 005 |
20230817103328.0 |
| 008 |
230817t2002 maua 001 0 eng d |
| 010 |
|
|
|a 2001092086
|
| 020 |
|
|
|a 0072472545 (alk. paper)
|
| 020 |
|
|
|a 9780072472547
|
| 040 |
|
|
|a DLC
|c DLC
|d DLC
|d BD-DhAAL
|
| 042 |
|
|
|a pcc
|
| 050 |
0 |
0 |
|a HF5548.4.M523
|b L382 2002b
|
| 082 |
0 |
0 |
|a 005.36
|2 22
|
| 100 |
1 |
|
|a Laudon, Kenneth C.,
|d 1944-
|9 55373
|
| 245 |
1 |
0 |
|a Microsoft Excel 2002 /
|c Kenneth C. Laudon, Kenneth Rosenblatt, David Langley.
|
| 250 |
|
|
|a Brief edition.
|
| 260 |
|
|
|a Boston :
|b McGraw-Hill,
|c c2002.
|
| 300 |
|
|
|a xvi, various pagings :
|b color illustrations ;
|c 28 cm.
|
| 490 |
|
|
|a Interactive computing series
|
| 500 |
|
|
|a Includes index.
|
| 541 |
|
|
|a Donation from the Asia Foundation
|e 41435, 41436
|
| 630 |
0 |
0 |
|a Microsoft Excel (Computer file)
|
| 650 |
|
0 |
|a Business
|x Computer programs.
|
| 650 |
|
0 |
|a Electronic spreadsheets.
|
| 700 |
1 |
|
|a Rosenblatt, Kenneth.
|9 55374
|
| 700 |
1 |
|
|a Langley, David,
|c M.A.
|9 55375
|
| 830 |
|
|
|a Interactive computing series
|9 55376
|
| 852 |
|
|
|a Ayesha Abed Library
|c General Stacks
|
| 942 |
|
|
|2 ddc
|c BK
|
| 999 |
|
|
|c 46097
|d 46097
|
| 952 |
|
|
|0 0
|1 0
|2 ddc
|4 0
|6 005_360000000000000_LAU
|7 0
|9 74225
|a SCL
|b SCL
|c GEN
|d 2023-08-17
|e Donation from the Asia Foundation
|l 0
|o 005.36 LAU
|p 3020041435
|r 2023-08-17
|t 1
|w 2023-08-17
|y BK
|
| 952 |
|
|
|0 0
|1 0
|2 ddc
|4 0
|6 005_360000000000000_LAU
|7 0
|9 74226
|a SCL
|b SCL
|c GEN
|d 2023-08-17
|e Donation from the Asia Foundation
|l 0
|o 005.36 LAU
|p 3020041436
|r 2023-08-17
|t 2
|w 2023-08-17
|y BK
|